| 000 -LEADER |
| fixed length control field |
00748nam a22001337a 4500 |
| 040 ## - CATALOGING SOURCE |
| Transcribing agency |
RUA |
| 082 ## - DEWEY DECIMAL CLASSIFICATION NUMBER |
| Classification number |
VEM SOY 2020 B1-530 Or. |
| 100 ## - MAIN ENTRY--AUTHOR NAME |
| Personal name |
SOY PICH,សយ ពេជ្រ |
| 245 ## - TITLE STATEMENT |
| Title |
GASTRO-INTESTINAL PARASITES IN DOMESTIC CHICKEN AT SMALL FARM,KORKI COMMUNE,KEINSVAY DISTRICT,KANDAL PROVINCE,បរាសិតក្នុងប្រដាប់រំលាយអាហារមាន់សាច់នៅកសិដ្ឋានខ្នាតតូច ឃុំគគីរ ស្រុកកៀនស្វាយ ខេត្តកណ្តាល |
| 260 ## - PUBLICATION, DISTRIBUTION, ETC. (IMPRINT) |
| Place of publication |
phnom penh |
| Name of publisher |
rua |
| Year of publication |
2020 |
| 300 ## - PHYSICAL DESCRIPTION |
| Number of Pages |
ix.39p. |
| Other physical details |
ill. |
| Dimensions |
29cm. |
| 856 ## - ELECTRONIC LOCATION AND ACCESS |
| Uniform Resource Identifier |
https://drive.google.com/file/d/1q0tj3VcW1pn5fhRZ_B2q9i0fNUbFhhC7/view?usp=sharing |
| 942 ## - ADDED ENTRY ELEMENTS (KOHA) |
| Koha item type |
VEM |
| 952 ## - LOCATION AND ITEM INFORMATION (KOHA) |
| Withdrawn status [LOCAL, KOHA] |
0 |
| 952 ## - LOCATION AND ITEM INFORMATION (KOHA) |
| Withdrawn status [LOCAL, KOHA] |
0 |
| 952 ## - LOCATION AND ITEM INFORMATION (KOHA) |
| Withdrawn status [LOCAL, KOHA] |
0 |
| 952 ## - LOCATION AND ITEM INFORMATION (KOHA) |
| Withdrawn status [LOCAL, KOHA] |
0 |
| 952 ## - LOCATION AND ITEM INFORMATION (KOHA) |
| Withdrawn status [LOCAL, KOHA] |
0 |
| 952 ## - LOCATION AND ITEM INFORMATION (KOHA) |
| Withdrawn status [LOCAL, KOHA] |
0 |